Responses for Show #3561 - Monday, February 14, 2000

2000-A College Championship semifinal game 1.

Contestants

[<< previous game]

Gina Bronsberg, a sophomore at the University of Illinois from Chicago, Illinois

Natalie Tindall, a senior at Florida A&M from Tallahassee, Florida

Greg Hodgin, a senior at Emory University from Columbia, South Carolina

[next game >>]

Jeopardy! Round responses

FICTION
ENTERTAINING CATS
AROUND THE WORLD
BEASTLY RHYME TIME
CANDY
IT HAPPENED ON VALENTINE'S DAY
    $100 9
Oprah Winfrey

Greg
    $100 7
Garfield

Gina
    $100 1
Mount Everest

Greg
    $100 26
a big pig

Natalie
    $100 14
(Natalie: What is Andes?)

York Peppermint Patties

Natalie
Triple Stumper
    $100 10
Chicago

Gina
    $200 11
Chile

Natalie
    $200 8
David Hyde Pierce

Triple Stumper
    $200 2
Gibraltar

Natalie
    $200 27
a Norse horse

Natalie
    $200 15
Mounds

Gina
    $200 18
Florence Henderson

Gina
    $300 12
Get Shorty

Natalie
    $300 20
the Pink Panther

Natalie
    $300 4
the Leaning Tower of Pisa

Greg
    $300 28
a legal eagle

Gina
    $300 16
Abba-Zaba

Triple Stumper
    $300 19
South Africa

Natalie
    $400 21
Owen Meany

Triple Stumper
    $400 24
(Natalie: What is a leopard?)

a tiger

Natalie
Triple Stumper
    $600 5
(Greg: What is Norway?)

Iceland

Greg
    $400 29
a bear chair

Gina
    $400 13
Lemonheads

Gina
    $400 23
Jacqueline Kennedy Onassis

Natalie
    $500 22
(Alex: Less than a minute to go.)

Neal Stephenson

Triple Stumper
    $500 25
Spellman (on Sabrina the Teenage Witch)

Gina
    $500 6
(Greg: What is Uruguay?)

Paraguay

GregNatalie
    $500 30
dingo lingo

Greg
    $500 17
Toblerone

Greg
    $500 3
Salman Rushdie

Greg

Scores at the first commercial break (after clue 12):

Greg Natalie Gina
-$100 $1,200 $200

Scores at the end of the Jeopardy! Round:

Greg Natalie Gina
$900 $2,000 $2,200

Double Jeopardy! Round responses

FRICTION
SCARY MOVIE SEQUELS
(Alex: Aren't they all!)
EDIBLE LINGO
CELEBRITY ALUMNI
THE AMERICAN REVOLUTION
LOVE POETRY WITH JOHNNY GILBERT
    $200 1
blisters

Gina
    $200 2
Scream 2

Gina
    $200 19
cherries

Natalie
    $200 13
John Lithgow

Gina
    $200 8
Abigail Adams

Greg
    $200 10
Elizabeth Barrett Browning

Greg
    $400 4
rosin

Triple Stumper
    $400 3
(Gina: What is The Terminator?)

Terminator 2

GregGina
    $400 20
fruitcake

Natalie
    $400 14
Gloria Estefan

Natalie
    $400 9
Marquis de Lafayette

Natalie
    $400 24
(Greg: What is the Moon?)

Sun

Greg
Triple Stumper
    $600 5
bearings

Greg
    $1,400 15
Nightmare on Elm Street

Natalie
    $600 21
sardines

Greg
    $600 26
Northwestern

Natalie
    $900 11
Benedict Arnold

Greg
    $600 25
Robert Burns

Natalie
    $800 6
electrons

Greg
    $800 16
(Gina: What is Halloween?)

Friday the 13th

GregGina
    $800 22
goose egg

Triple Stumper
    $800 27
Alec Baldwin

Natalie
    $800 12
Alexander Hamilton

Natalie
    $800 29
How do I compare thee to a summer's day?

Gina
    $1000 7
a perpetual motion machine

Greg
    $1000 18
The Amityville Horror

Triple Stumper
    $1000 23
bread

Triple Stumper
    $1000 28
David Mamet

Natalie
    $1000 17
Baron von Steuben

Greg
    $1000 30
Edna St. Vincent Millay

Natalie

Scores at the end of the Double Jeopardy! Round:

Greg Natalie Gina
$7,000 $9,600 $2,400

[wagering suggestions for these scores]

Final Jeopardy! Round responses

HISTORIC QUOTATIONS
GinaWhat is Et tu Brutus?
$2,100
GregWhat is I'm Clueless?
$0
NatalieWhat is (death to Carthage) al
$4,500
"Veni, Vidi, Vici" ("I came, I saw, I conquered")

Final scores:

Greg Natalie Gina
$7,000 $5,100 $300
Finalist 2nd place: $5,000 3rd place: $5,000

Game dynamics:

Coryat scores:

Greg Natalie Gina
$7,300 $8,800 $2,400
16 R
(including 1 DD),
3 W
(including 1 DD)
20 R
(including 1 DD),
2 W
12 R,
2 W

Combined Coryat: $18,500

[game clues] [game scores] [suggest correction]

Game tape date: 2000-01-16
The J! Archive is created by fans, for fans. Scraping, republication, monetization, and malicious use prohibited; this site may use cookies and collect identifying information. See terms. The Jeopardy! game show and all elements thereof, including but not limited to copyright and trademark thereto, are the property of Jeopardy Productions, Inc. and are protected under law. This website is not affiliated with, sponsored by, or operated by Jeopardy Productions, Inc. Join the discussion at JBoard.tv.